[Event "IX Floripa Chess Open Fort Atacadista"]
[Site "Florianópolis - Santa Catari"]
[Date "2023.01.26"]
[Round "6.54"]
[White "Andrade, Guilherme A. De Sou"]
[Black "Trevisan, Rodrigo"]
[Result "1-0"]
[WhiteElo "1913"]
[BlackElo "2101"]
[PlyCount "105"]
[EventDate "2023.01.23"]
[EventRounds "10"]
[EventCountry "BRA"]

1. e4 c5 2. Nf3 d6 3. d4 cxd4 4. Nxd4 Nf6 5. Nc3 a6 6. Rg1 e5 7. Nb3 Be6 8. g4
h6 9. h4 d5 10. exd5 Nxd5 11. Nxd5 Qxd5 12. Bd2 Nc6 13. Qe2 Rc8 14. Bg2 Qd6 15.
O-O-O Bxb3 16. Bc3 Qf6 17. axb3 Be7 18. Bxc6+ Rxc6 19. Qxe5 Qxe5 20. Bxe5 O-O
21. h5 Rfc8 22. c3 b5 23. Kc2 Re8 24. Bd4 Bf6 25. Bxf6 Rxf6 26. Rg2 Re2+ 27.
Rd2 Re4 28. b4 Ref4 29. Kd1 Kh7 30. Ke1 a5 31. bxa5 b4 32. cxb4 Rxb4 33. Rg3
Ra6 34. Ra3 Rxg4 35. Rd7 Rg5 36. b4 Rb5 37. Rxf7 Kg8 38. Rf4 Rxh5 39. Rc4 Rb5
40. Ra4 h5 41. Kd2 Rd5+ 42. Ke3 g5 43. Rc5 Rxc5 44. bxc5 Kf7 45. Kd4 h4 46. Kc4
h3 47. Kb5 h2 48. Ra1 Rf6 49. a6 Rxf2 50. a7 Rb2+ 51. Kc4 h1=Q 52. Rxh1 Rc2+
53. Kb5 1-0

[Event "IX Floripa Chess Open Fort Atacadista"]
[Site "Florianópolis - Santa Catari"]
[Date "2023.01.26"]
[Round "6.55"]
[White "Starke, Bruno Orlando"]
[Black "De Paula, Luan Araujo"]
[Result "1/2-1/2"]
[WhiteElo "2100"]
[BlackElo "1747"]
[PlyCount "45"]
[EventDate "2023.01.23"]
[EventRounds "10"]
[EventCountry "BRA"]

1. Nf3 c6 2. c4 Nf6 3. g3 g6 4. Bg2 Bg7 5. O-O O-O 6. d4 d5 7. cxd5 cxd5 8. Nc3
Nc6 9. Ne5 Ne4 10. Nxc6 Nxc3 11. Nxe7+ Qxe7 12. bxc3 Be6 13. Qb3 Rfc8 14. Bd2
Rc6 15. a4 Rb6 16. Qa2 Rc8 17. Rfb1 Rxb1+ 18. Rxb1 Rc4 19. Rb5 a6 20. Rb3 Qd7
21. Qb1 Rxa4 22. Rb6 Ra3 23. Rb3 1/2-1/2

[Event "IX Floripa Chess Open Fort Atacadista"]
[Site "Florianópolis - Santa Catari"]
[Date "2023.01.26"]
[Round "6.56"]
[White "Cordeiro, Marco Aurelio Zaror"]
[Black "Hirano, Enzo Erich Kreutz"]
[Result "1-0"]
[WhiteElo "2099"]
[BlackElo "1741"]
[PlyCount "87"]
[EventDate "2023.01.23"]
[EventRounds "10"]
[EventCountry "BRA"]

1. e4 c5 2. Nf3 d6 3. c3 Nf6 4. Bc4 Nc6 5. d3 e6 6. Bb3 Be7 7. O-O O-O 8. Re1
b5 9. a4 b4 10. d4 d5 11. exd5 exd5 12. Ne5 Bb7 13. Nxc6 Bxc6 14. dxc5 Bxc5 15.
Be3 Bxe3 16. Rxe3 Rb8 17. Nd2 Re8 18. Rd3 Qb6 19. a5 Qc5 20. cxb4 Rxb4 21. Rc1
Qb5 22. Nf3 Rbe4 23. Rdc3 Ba8 24. Rc5 Qb4 25. h3 h6 26. Qd3 Qb8 27. R5c2 Qd6
28. Rc8 Bb7 29. Rxe8+ Rxe8 30. Qb5 Ba6 31. Qc6 Qxc6 32. Rxc6 Bb7 33. Rc7 Rb8
34. Ba4 Ne4 35. Ne5 Nd6 36. Rd7 f6 37. Nc6 Bxc6 38. Bxc6 Nc8 39. Rd8+ Kf7 40.
Bd7 Rxb2 41. Bxc8 Rb1+ 42. Kh2 Rc1 43. Bb7 Ke7 44. Rxd5 1-0

[Event "IX Floripa Chess Open Fort Atacadista"]
[Site "Florianópolis - Santa Catari"]
[Date "2023.01.26"]
[Round "6.57"]
[White "Mariano, Marceley Martins"]
[Black "Flores, Clarice Soares Leit"]
[Result "0-1"]
[WhiteElo "2089"]
[BlackElo "1737"]
[PlyCount "90"]
[EventDate "2023.01.23"]
[EventRounds "10"]
[EventCountry "BRA"]

1. e4 c5 2. Nf3 e6 3. d4 cxd4 4. Nxd4 Nf6 5. Bd3 Nc6 6. Nf3 Be7 7. O-O O-O 8.
Nc3 d5 9. e5 Nd7 10. Re1 f6 11. exf6 Nxf6 12. Bg5 a6 13. h3 h6 14. Bh4 Qc7 15.
Bg3 Bd6 16. Bxd6 Qxd6 17. Qe2 Nh5 18. Qd1 Nf4 19. Bf1 b5 20. g3 Ng6 21. Bg2 b4
22. Na4 Bb7 23. Qd3 e5 24. Nb6 Rad8 25. Rad1 Na5 26. Nxd5 Bxd5 27. Nh4 Ne7 28.
Bxd5+ Nxd5 29. Nf5 Qf6 30. g4 Nc3 31. Qxd8 Rxd8 32. Rxd8+ Qxd8 33. bxc3 Nc6 34.
cxb4 Qd2 35. Re3 Qxb4 36. Kg2 Qc5 37. c3 Qd5+ 38. Kg3 Qxa2 39. f4 exf4+ 40.
Kxf4 Qf2+ 41. Ke4 Qg2+ 42. Kd3 Qd5+ 43. Kc2 Qa2+ 44. Kd3 Qb1+ 45. Kc4 Qb5# 0-1

[Event "IX Floripa Chess Open Fort Atacadista"]
[Site "Florianópolis - Santa Catari"]
[Date "2023.01.26"]
[Round "6.58"]
[White "Passos, Rafael Moreira"]
[Black "Mazetto, Sergio Luiz"]
[Result "0-1"]
[WhiteElo "1891"]
[BlackElo "2065"]
[PlyCount "84"]
[EventDate "2023.01.23"]
[EventRounds "10"]
[EventCountry "BRA"]

1. e4 e5 2. Nf3 Nf6 3. Nxe5 d6 4. Nf3 Nxe4 5. Nc3 Nxc3 6. dxc3 Be7 7. Be3 Nd7
8. Qd2 Nf6 9. O-O-O O-O 10. Kb1 c5 11. Ng5 Ng4 12. h4 Bf5 13. Bd3 Bxd3 14. Qxd3
Nf6 15. Qf5 Qd7 16. Qxd7 Nxd7 17. Bf4 Ne5 18. Bxe5 dxe5 19. Rd7 Bxg5 20. hxg5
b6 21. Re1 f6 22. gxf6 Rxf6 23. Re2 Re6 24. f3 a5 25. Kc1 Rae8 26. Re4 Kf8 27.
Rd2 R8e7 28. Rd8+ Kf7 29. Kd2 Rg6 30. g4 Rf6 31. Ke2 Ke6 32. Rd3 Rf4 33. Rde3
Rxe4 34. Rxe4 Kd5 35. Ke3 Re6 36. Ra4 Rf6 37. g5 Rg6 38. Rg4 h6 39. f4 exf4+
40. Kxf4 Rxg5 41. Rh4 Rg2 42. c4+ Kc6 0-1

[Event "IX Floripa Chess Open Fort Atacadista"]
[Site "Florianópolis - Santa Catari"]
[Date "2023.01.26"]
[Round "6.59"]
[White "Guerrero, Alvaro"]
[Black "Constantino, Pedro Henrique"]
[Result "1-0"]
[WhiteElo "2058"]
[BlackElo "1727"]
[PlyCount "97"]
[EventDate "2023.01.23"]
[EventRounds "10"]
[EventCountry "BRA"]

1. e4 c5 2. Nf3 d6 3. g3 g6 4. Bg2 Bg7 5. d3 Nf6 6. O-O O-O 7. Re1 Nc6 8. c3 e5
9. a3 Rb8 10. b4 b6 11. Nbd2 h6 12. Bb2 Kh7 13. b5 Ne7 14. a4 Nh5 15. h3 Be6
16. Kh2 Qc7 17. Qe2 Rbe8 18. c4 f5 19. Ra2 Rf7 20. a5 Ref8 21. Rea1 Nc8 22. Bc3
Nf6 23. axb6 axb6 24. Rf1 Ne7 25. Ra3 f4 26. g4 Rb8 27. Rfa1 Rff8 28. Bb2 Bc8
29. Nb1 Bb7 30. Nc3 Ra8 31. Nd5 Nexd5 32. exd5 Rxa3 33. Rxa3 Ra8 34. g5 Ng8 35.
Rxa8 Bxa8 36. h4 h5 37. Nd2 Bb7 38. Be4 Ne7 39. Qxh5+ Kg8 40. Bxg6 Nxg6 41.
Qxg6 Qd7 42. Ne4 Kh8 43. Nxd6 Bc8 44. Qe8+ Kh7 45. Qxc8 Qxd6 46. Qf5+ Qg6 47.
Qxg6+ Kxg6 48. Kh3 Kf5 49. d6 1-0

[Event "IX Floripa Chess Open Fort Atacadista"]
[Site "Florianópolis - Santa Catari"]
[Date "2023.01.26"]
[Round "6.60"]
[White "Nunes, Agatha Hurba"]
[Black "Lage, Pedro Ferreira"]
[Result "0-1"]
[WhiteElo "1823"]
[BlackElo "2055"]
[PlyCount "178"]
[EventDate "2023.01.23"]
[EventRounds "10"]
[EventCountry "BRA"]

1. d4 Nf6 2. c4 e6 3. Nc3 c5 4. e3 cxd4 5. exd4 d5 6. b3 Nc6 7. Nge2 Be7 8. Bb2
O-O 9. g3 dxc4 10. bxc4 Na5 11. Nf4 Bd7 12. Bd3 Rc8 13. Qe2 Qc7 14. c5 Nc6 15.
Ne4 Nb4 16. Nxf6+ Bxf6 17. Nh5 Nxd3+ 18. Qxd3 Qd8 19. Nxf6+ Qxf6 20. f3 Bc6 21.
Kf2 Rfd8 22. Qe2 Rd5 23. h4 Rcd8 24. Rad1 Qg6 25. g4 h5 26. Qe4 Qf6 27. g5 Qf5
28. Ke3 g6 29. Rd2 R8d7 30. Qxf5 Rxf5 31. Rf1 Bd5 32. f4 Rc7 33. a3 Rc6 34. Rc1
Ra6 35. Rc3 Ra4 36. Rf2 Kf8 37. Bc1 Ke8 38. Kd3 Kd7 39. Rb2 Kc7 40. Be3 Bc6 41.
Rb4 Rxb4 42. axb4 Bb5+ 43. Ke4 Kc6 44. Ra3 a6 45. Bd2 Rd5 46. Be3 Bf1 47. Ra5
Bg2+ 48. Kd3 Rd8 49. Ke2 Be4 50. Kd2 Rd7 51. Kc3 Bg2 52. Ra2 Bf1 53. Ra1 Bb5
54. Bf2 Kd5 55. Re1 Rd8 56. Re5+ Kc6 57. Re1 Ra8 58. Ra1 Kd5 59. Be3 Ke4 60.
Bd2 Rd8 61. Re1+ Kf3 62. Rg1 Rd7 63. Rh1 Kg3 64. Be3 Bc6 65. Rg1+ Kxh4 66. Kd2
Rd5 67. Ke2 Rf5 68. Bf2+ Kh3 69. Rg3+ Kh2 70. Ke3 b6 71. Rg1 a5 72. b5 Bxb5 73.
cxb6 Ba6 74. Rb1 Bb7 75. Be1 a4 76. Rb2+ Kh3 77. Bd2 a3 78. Ra2 Rb5 79. Rxa3
Rxb6 80. Kf2+ Kh2 81. Bc1 Rc6 82. Bd2 Rc2 83. Ke3 h4 84. Ra7 Rb2 85. Bc3 Rb3
86. Ra2+ Kg3 87. Kd3 h3 88. Kc2 Rxc3+ 89. Kxc3 h2 0-1

[Event "IX Floripa Chess Open Fort Atacadista"]
[Site "Florianópolis - Santa Catari"]
[Date "2023.01.26"]
[Round "6.61"]
[White "Camara, Terbio Jose"]
[Black "De Souza, Nicolas Gabriel"]
[Result "1-0"]
[WhiteElo "2055"]
[BlackElo "1326"]
[PlyCount "73"]
[EventDate "2023.01.23"]
[EventRounds "10"]
[EventCountry "BRA"]

1. e4 c5 2. Nf3 Nc6 3. d4 cxd4 4. Nxd4 Nf6 5. Nc3 e5 6. Ndb5 d6 7. Bg5 a6 8.
Bxf6 gxf6 9. Na3 b5 10. Nd5 Bg7 11. g3 f5 12. Bg2 O-O 13. c3 Ra7 14. Nc2 fxe4
15. Bxe4 f5 16. Bg2 Be6 17. O-O Kh8 18. a4 bxa4 19. Rxa4 a5 20. b4 e4 21. b5
Ne5 22. b6 Rb7 23. Nce3 Nd3 24. Rxa5 Qd7 25. Qa4 Qxa4 26. Rxa4 Bh6 27. f4 Rfb8
28. Bh3 Nc5 29. Ra7 Rxb6 30. Nxb6 Rxb6 31. Bxf5 Bg8 32. Rd1 Bg7 33. Ra3 Nb3 34.
Ra8 Nc5 35. Nd5 Rb7 36. Re8 h6 37. Ne7 1-0

[Event "IX Floripa Chess Open Fort Atacadista"]
[Site "Florianópolis - Santa Catari"]
[Date "2023.01.26"]
[Round "6.62"]
[White "Peroza, Eduardo Antunes"]
[Black "Ribeiro, Davison Soares"]
[Result "1/2-1/2"]
[WhiteElo "2053"]
[BlackElo "1800"]
[PlyCount "47"]
[EventDate "2023.01.23"]
[EventRounds "10"]
[EventCountry "BRA"]

1. c4 Nf6 2. Nc3 d5 3. e3 g6 4. b3 Bg7 5. Bb2 O-O 6. d4 c5 7. Nf3 Nc6 8. Be2
cxd4 9. exd4 Bg4 10. c5 Ne4 11. O-O Bxf3 12. gxf3 Nxc3 13. Bxc3 e5 14. f4 exd4
15. Bd2 Qh4 16. Bf3 Rad8 17. Bg2 Ne7 18. Qf3 Nf5 19. Rac1 Bh6 20. Qh3 Qf6 21.
Bh1 Rfe8 22. Rfe1 Rxe1+ 23. Rxe1 Nh4 24. Qg4 1/2-1/2

[Event "IX Floripa Chess Open Fort Atacadista"]
[Site "Florianópolis - Santa Catari"]
[Date "2023.01.26"]
[Round "6.63"]
[White "Encina, Adrian Andres"]
[Black "Souza Dos Santos, Matheus Garcett"]
[Result "0-1"]
[WhiteElo "1787"]
[BlackElo "2041"]
[PlyCount "98"]
[EventDate "2023.01.23"]
[EventRounds "10"]
[EventCountry "BRA"]

1. e4 c5 2. Nf3 d6 3. d4 cxd4 4. Nxd4 Nf6 5. Nc3 a6 6. Bg5 e6 7. f4 Nbd7 8. Qf3
h6 9. Bh4 e5 10. Bxf6 Nxf6 11. Nf5 b5 12. O-O-O Qc7 13. Ne3 Bb7 14. Ncd5 Nxd5
15. Nxd5 Bxd5 16. Rxd5 Be7 17. Bd3 exf4 18. e5 O-O 19. Qe4 g6 20. exd6 Bxd6 21.
Qd4 Rad8 22. h4 Be7 23. h5 Rxd5 24. Qxd5 Kg7 25. Qe4 f5 26. Qd4+ Bf6 27. Qd5
Rd8 28. Qb3 f3 29. gxf3 Qf4+ 30. Kb1 Qxf3 31. Re1 Qxh5 32. Qa3 Qh4 33. Rd1 Qg4
34. Re1 Qh4 35. Rd1 Qd4 36. c3 Qe3 37. Kc2 Qb6 38. Rd2 Qd6 39. Qa5 h5 40. a4
Bg5 41. Rd1 Qh2+ 42. Kb1 bxa4 43. Qxa6 Qf4 44. Qb7+ Kh6 45. Qc6 Rxd3 46. Rxd3
Qf1+ 47. Ka2 Qxd3 48. Qe8 Qc4+ 49. Kb1 Qe4+ 0-1

[Event "IX Floripa Chess Open Fort Atacadista"]
[Site "Florianópolis - Santa Catari"]
[Date "2023.01.26"]
[Round "6.64"]
[White "Gomes, Luiz Alexandre De S"]
[Black "Ribeiro, Fabiano Pinto"]
[Result "1-0"]
[WhiteElo "2335"]
[BlackElo "1865"]
[PlyCount "57"]
[EventDate "2023.01.23"]
[EventRounds "10"]
[EventCountry "BRA"]

1. e4 c5 2. Nf3 d6 3. d4 cxd4 4. Nxd4 Nf6 5. Nc3 a6 6. Bg5 e6 7. f4 Be7 8. Qf3
Qc7 9. O-O-O b5 10. a3 Bb7 11. Bd3 Nbd7 12. Rhe1 h6 13. Qh3 Nc5 14. Bh4 Nxd3+
15. Rxd3 Rc8 16. Kb1 Qb8 17. g4 Rc5 18. Bf2 Rc4 19. g5 Nd7 20. g6 Nc5 21. gxf7+
Kxf7 22. Rg3 Bc8 23. Qh5+ Kf8 24. Reg1 Bf6 25. e5 dxe5 26. Nc6 Qc7 27. Nxe5
Bxe5 28. fxe5 Qf7 29. Bxc5+ 1-0

[Event "IX Floripa Chess Open Fort Atacadista"]
[Site "Florianópolis - Santa Catari"]
[Date "2023.01.26"]
[Round "6.65"]
[White "De Souza, Regis Gabetta"]
[Black "Barbosa, Flavio Novais"]
[Result "1-0"]
[WhiteElo "2221"]
[BlackElo "1863"]
[PlyCount "57"]
[EventDate "2023.01.23"]
[EventRounds "10"]
[EventCountry "BRA"]

1. d4 d5 2. c4 c6 3. Nf3 Nf6 4. Qc2 g6 5. Bg5 Bg7 6. e3 Bf5 7. Bd3 Bxd3 8. Qxd3
O-O 9. O-O Ne4 10. Bf4 Re8 11. Nc3 Nd6 12. cxd5 cxd5 13. Nxd5 Nc6 14. Nc3 Rc8
15. Rfd1 Qa5 16. Bxd6 exd6 17. a3 Qb6 18. Qb5 Qxb5 19. Nxb5 Red8 20. Rac1 a6
21. Nc3 Na5 22. Nd5 Kf8 23. Nd2 Rc6 24. b4 Rdc8 25. Rxc6 Nxc6 26. Nb6 Rd8 27.
Rc1 Nxd4 28. exd4 Bxd4 29. Nd5 1-0

[Event "IX Floripa Chess Open Fort Atacadista"]
[Site "Florianópolis - Santa Catari"]
[Date "2023.01.26"]
[Round "6.66"]
[White "Trombini, Fabio"]
[Black "Rodriguez, Mathias"]
[Result "0-1"]
[WhiteElo "1861"]
[BlackElo "2207"]
[PlyCount "68"]
[EventDate "2023.01.23"]
[EventRounds "10"]
[EventCountry "BRA"]

1. d4 Nf6 2. Nf3 g6 3. c4 Bg7 4. Nc3 O-O 5. e4 d6 6. Be2 e5 7. O-O Nc6 8. d5
Ne7 9. Ne1 Ne8 10. Be3 f5 11. f3 f4 12. Bf2 g5 13. g4 fxg3 14. hxg3 h5 15. Ng2
Nf6 16. Ne3 Nh7 17. c5 dxc5 18. Nc4 b6 19. Qb3 Ng6 20. d6 Be6 21. Nb5 cxd6 22.
Nbxd6 h4 23. Nf5 hxg3 24. Bxg3 Nf4 25. Bxf4 gxf4 26. Rf2 Ng5 27. Rg2 Qf6 28.
Nxg7 Kxg7 29. Qc3 Bh3 30. Rh2 Rae8 31. Rd1 Rh8 32. Rd6 Qe7 33. Rd5 Nf7 34. Qd2
Qg5+ 0-1

[Event "IX Floripa Chess Open Fort Atacadista"]
[Site "Florianópolis - Santa Catari"]
[Date "2023.01.26"]
[Round "6.67"]
[White "De Borba, Gabriel"]
[Black "Felix, Raimundo Nascimento"]
[Result "1-0"]
[WhiteElo "2191"]
[BlackElo "1848"]
[PlyCount "79"]
[EventDate "2023.01.23"]
[EventRounds "10"]
[EventCountry "BRA"]

1. e4 e5 2. Nf3 Nf6 3. Nxe5 Qe7 4. Nf3 Nxe4 5. Be2 d5 6. O-O Be6 7. Re1 Nc6 8.
Bb5 Qc5 9. Bxc6+ bxc6 10. d4 Qb6 11. Nbd2 Nxd2 12. Bxd2 Be7 13. Bg5 Bd6 14. Qd3
Qb5 15. Qd2 O-O 16. c3 Rfe8 17. h3 Rab8 18. b4 Bf5 19. Bf4 Qd3 20. Ne5 Qxd2 21.
Bxd2 Bxe5 22. dxe5 a6 23. f4 Be4 24. Kf2 f6 25. exf6 gxf6 26. Be3 Kf7 27. g4
Rg8 28. Rg1 Rbe8 29. Rae1 Bd3 30. Bd4 Re4 31. Rxe4 Bxe4 32. f5 Rb8 33. Kg3 Rg8
34. Kf4 h5 35. gxh5 Rh8 36. Rg6 Rxh5 37. Rxf6+ Ke7 38. Kg4 Rh7 39. Rxc6 Kd7 40.
Rxa6 1-0

[Event "IX Floripa Chess Open Fort Atacadista"]
[Site "Florianópolis - Santa Catari"]
[Date "2023.01.26"]
[Round "6.68"]
[White "Weise, William Ferreira"]
[Black "Fernandez, Maria Florencia"]
[Result "0-1"]
[WhiteElo "1856"]
[BlackElo "2181"]
[PlyCount "50"]
[EventDate "2023.01.23"]
[EventRounds "10"]
[EventCountry "BRA"]

1. e4 c5 2. Nf3 d6 3. d4 cxd4 4. Nxd4 Nf6 5. Nc3 g6 6. Be2 Bg7 7. Be3 O-O 8.
Qd2 Nc6 9. Nb3 Be6 10. Bh6 Bxh6 11. Qxh6 a5 12. O-O-O a4 13. Nd4 Nxd4 14. Rxd4
Qb6 15. Rhd1 a3 16. b3 Rfc8 17. Nd5 Bxd5 18. exd5 Rc3 19. Bc4 Rc8 20. Qf4 Qa5
21. Kb1 b5 22. Bd3 Qc7 23. Qe3 Rxc2 24. Bxb5 Rb2+ 25. Ka1 Qc2 0-1

[Event "IX Floripa Chess Open Fort Atacadista"]
[Site "Florianópolis - Santa Catari"]
[Date "2023.01.26"]
[Round "6.69"]
[White "Resende, Lucas B. Massucato"]
[Black "Aranha Filho, Alvaro Z."]
[Result "1/2-1/2"]
[WhiteElo "1824"]
[BlackElo "2171"]
[PlyCount "119"]
[EventDate "2023.01.23"]
[EventRounds "10"]
[EventCountry "BRA"]

1. d4 Nf6 2. c4 c5 3. d5 b5 4. cxb5 a6 5. b6 e6 6. Nc3 Nxd5 7. Nxd5 exd5 8.
Qxd5 Nc6 9. Nf3 Rb8 10. e4 Be7 11. Bc4 O-O 12. Bd2 Rxb6 13. O-O d6 14. h3 Be6
15. Qd3 Nb4 16. Qe2 Qd7 17. Rfd1 Bxc4 18. Qxc4 Qe6 19. Qxe6 fxe6 20. Bc3 Nc6
21. Rd2 e5 22. Ne1 Nd4 23. Nc2 Bg5 24. Ne3 Rb7 25. b4 cxb4 26. Rb2 bxc3 27.
Rxb7 Bxe3 28. fxe3 Ne2+ 29. Kh2 c2 30. Rc7 c1=Q 31. Raxc1 Nxc1 32. Rxc1 Rf2 33.
a3 Ra2 34. Rc3 Kf7 35. Kg3 Kf6 36. Kf3 h5 37. Rd3 Ke6 38. h4 g6 39. Rb3 a5 40.
Rd3 Kd7 41. Rc3 Rb2 42. Kg3 Rb5 43. Kf3 Rb2 44. Kg3 Rb5 45. Kf3 Rc5 46. Rb3 Kc7
47. g4 Rc4 48. gxh5 gxh5 49. Rb5 Ra4 50. Rb3 d5 51. exd5 Rxh4 52. Rb1 Ra4 53.
Rb3 e4+ 54. Kf4 Kd6 55. Rb5 h4 56. Rb6+ Kxd5 57. Rh6 Kc4 58. Kxe4 Kb3+ 59. Kd5
Rg4 60. e4 1/2-1/2

[Event "IX Floripa Chess Open Fort Atacadista"]
[Site "Florianópolis - Santa Catari"]
[Date "2023.01.26"]
[Round "6.70"]
[White "Moyses Sobrinho, Elias"]
[Black "Caldeira, Adriano"]
[Result "1/2-1/2"]
[WhiteElo "1852"]
[BlackElo "2156"]
[PlyCount "47"]
[EventDate "2023.01.23"]
[EventRounds "10"]
[EventCountry "BRA"]

1. d4 Nf6 2. c4 e6 3. Nc3 Bb4 4. Bd2 O-O 5. Nf3 b6 6. g3 Bb7 7. Bg2 c5 8. O-O
cxd4 9. Nxd4 Bxg2 10. Kxg2 Be7 11. e4 d6 12. Qf3 Qd7 13. Be3 Qb7 14. Rfd1 Nbd7
15. b3 Rfd8 16. Kg1 Nc5 17. e5 dxe5 18. Qxb7 Nxb7 19. Nc6 Rxd1+ 20. Rxd1 Kf8
21. Nxe5 Bd6 22. Nc6 Bc5 23. Bxc5+ Nxc5 24. Ne5 1/2-1/2

[Event "IX Floripa Chess Open Fort Atacadista"]
[Site "Florianópolis - Santa Catari"]
[Date "2023.01.26"]
[Round "6.71"]
[White "Da Rosa, Henrique Jaze Simoe"]
[Black "Delgado, Lidio Dias"]
[Result "1/2-1/2"]
[WhiteElo "1838"]
[BlackElo "2150"]
[PlyCount "37"]
[EventDate "2023.01.23"]
[EventRounds "10"]
[EventCountry "BRA"]

1. Nf3 Nf6 2. c4 e6 3. g3 d5 4. Bg2 Be7 5. O-O O-O 6. d4 dxc4 7. Ne5 Nc6 8.
Nxc6 bxc6 9. Na3 Bxa3 10. bxa3 Rb8 11. Qd2 Nd5 12. Qa5 Rb6 13. e4 Nf6 14. Qxa7
Bb7 15. Bd2 Qd7 16. Qa5 Ra8 17. Qc5 Rb5 18. Qxc4 Rxa3 19. Bb4 1/2-1/2

[Event "IX Floripa Chess Open Fort Atacadista"]
[Site "Florianópolis - Santa Catari"]
[Date "2023.01.26"]
[Round "6.72"]
[White "Boabaid, Jorge Alberto Duard"]
[Black "Dominguez, Facundo"]
[Result "0-1"]
[WhiteElo "1822"]
[BlackElo "2132"]
[PlyCount "48"]
[EventDate "2023.01.23"]
[EventRounds "10"]
[EventCountry "BRA"]

1. d4 Nf6 2. c4 c5 3. e3 cxd4 4. exd4 d5 5. Nc3 e6 6. Nf3 Be7 7. b3 O-O 8. Bd3
b6 9. O-O Bb7 10. Ne5 dxc4 11. bxc4 Nc6 12. Be3 Nxe5 13. dxe5 Nd7 14. Qc2 g6
15. Bh6 Re8 16. Rad1 Qc7 17. Rfe1 Nxe5 18. Bf4 Nf3+ 19. gxf3 Qxf4 20. Be4 Bxe4
21. fxe4 Bd6 22. f3 Rad8 23. Qg2 Bb4 24. Qb2 Rxd1 0-1

[Event "IX Floripa Chess Open Fort Atacadista"]
[Site "Florianópolis - Santa Catari"]
[Date "2023.01.26"]
[Round "6.73"]
[White "Dos Santos, Gustavo Mota"]
[Black "Heredia Serrano, Carla"]
[Result "0-1"]
[WhiteElo "1810"]
[BlackElo "2093"]
[PlyCount "77"]
[EventDate "2023.01.23"]
[EventRounds "10"]
[EventCountry "BRA"]

1. e4 c6 2. d3 d5 3. Nd2 g6 4. Ngf3 Bg7 5. c3 e5 6. g3 Ne7 7. Bg2 O-O 8. O-O
Nd7 9. Re1 Nc5 10. Qc2 dxe4 11. dxe4 Nd3 12. Rd1 Nxc1 13. Raxc1 Qc7 14. Nc4 Be6
15. Ne3 Bh6 16. Rd3 a5 17. Rcd1 a4 18. c4 Nc8 19. Qc3 Nb6 20. b3 axb3 21. axb3
Nd7 22. Qb4 Rfe8 23. c5 Bf8 24. Ng5 Nxc5 25. Nxe6 Nxe6 26. Qc3 Nd4 27. Bf1 Ra2
28. Ng4 Bg7 29. R3d2 Ra3 30. Rb2 Qe7 31. Kg2 b5 32. Rc1 h5 33. Ne3 Bh6 34. Qc5
Kf8 35. Rc3 Qxc5 36. Rxc5 Ra1 37. Nc2 Rc1 38. Ra2 Rb1 39. b4 0-1

[Event "IX Floripa Chess Open Fort Atacadista"]
[Site "Florianópolis - Santa Catari"]
[Date "2023.01.26"]
[Round "6.74"]
[White "Machado, Leonardo Ribeiro"]
[Black "Ferreira, Thales Bond Dias"]
[Result "0-1"]
[WhiteElo "1807"]
[BlackElo "2085"]
[PlyCount "42"]
[EventDate "2023.01.23"]
[EventRounds "10"]
[EventCountry "BRA"]

1. e4 c6 2. d4 d5 3. exd5 cxd5 4. Bd3 Nc6 5. c3 Qc7 6. h3 Nf6 7. Nf3 g6 8. O-O
Bf5 9. Re1 Bxd3 10. Qxd3 Bg7 11. Bg5 O-O 12. Nbd2 e6 13. Qe3 b5 14. Ne5 Nxe5
15. dxe5 Nd7 16. Bh6 Bxh6 17. Qxh6 Nxe5 18. f4 Nd3 19. Nf3 Nxe1 20. Ng5 f6 21.
Nxe6 Qb6+ 0-1

[Event "IX Floripa Chess Open Fort Atacadista"]
[Site "Florianópolis - Santa Catari"]
[Date "2023.01.26"]
[Round "6.75"]
[White "Perez, Hernan"]
[Black "Machado Da Silva, Lucas"]
[Result "1-0"]
[WhiteElo "2081"]
[BlackElo "1822"]
[PlyCount "45"]
[EventDate "2023.01.23"]
[EventRounds "10"]
[EventCountry "BRA"]

1. d4 Nf6 2. Nf3 e6 3. Bg5 d5 4. Nbd2 c5 5. c3 Nc6 6. e3 h6 7. Bh4 g5 8. Bg3
Bd6 9. Bd3 c4 10. Bc2 b5 11. Ne5 Bxe5 12. dxe5 Nd7 13. f4 Qb6 14. Qe2 b4 15.
Ba4 Nc5 16. Bxc6+ Qxc6 17. O-O Na4 18. Qh5 bxc3 19. bxc3 Bb7 20. fxg5 O-O-O 21.
gxh6 d4 22. Nf3 dxe3 23. Rae1 1-0

[Event "IX Floripa Chess Open Fort Atacadista"]
[Site "Florianópolis - Santa Catari"]
[Date "2023.01.26"]
[Round "6.76"]
[White "Lazzarotti, Calebe Kadlubiski"]
[Black "Madeira, Wagner Martins"]
[Result "1/2-1/2"]
[WhiteElo "1801"]
[BlackElo "2080"]
[PlyCount "97"]
[EventDate "2023.01.23"]
[EventRounds "10"]
[EventCountry "BRA"]

1. e4 c5 2. Nf3 Nc6 3. Bb5 g6 4. Bxc6 dxc6 5. O-O Bg7 6. d3 e5 7. Nc3 Qe7 8.
Be3 Nf6 9. h3 Nd7 10. Qd2 h6 11. Nh2 Nf8 12. f4 exf4 13. Bxf4 Ne6 14. Be3 h5
15. Rf2 O-O 16. Raf1 b6 17. Kh1 Ba6 18. b3 Rad8 19. Bh6 c4 20. Bxg7 Kxg7 21.
bxc4 Bxc4 22. Ne2 Bb5 23. Qc3+ Kg8 24. Nf4 Nxf4 25. Rxf4 c5 26. Nf3 Rde8 27. h4
Bd7 28. Rf6 Be6 29. a3 Qd6 30. Ng5 Qd4 31. Qd2 Qe5 32. Qf2 Bf5 33. Rxf7 Rxf7
34. Nxf7 Kxf7 35. exf5 gxf5 36. Qxf5+ Qxf5 37. Rxf5+ Kg6 38. Rf2 Re1+ 39. Kh2
Ra1 40. Kg3 Rxa3 41. Re2 c4 42. Re6+ Kg7 43. Kf4 cxd3 44. cxd3 Rxd3 45. Re7+
Kf6 46. Rxa7 Rd4+ 47. Kg3 Rd3+ 48. Kf4 Rd4+ 49. Kg3 1/2-1/2

[Event "IX Floripa Chess Open Fort Atacadista"]
[Site "Florianópolis - Santa Catari"]
[Date "2023.01.26"]
[Round "6.77"]
[White "Medeiros Jr, Francisco De Assis"]
[Black "Ferreira, Rodrigo Maycon Mira"]
[Result "1-0"]
[WhiteElo "2071"]
[BlackElo "1781"]
[PlyCount "43"]
[EventDate "2023.01.23"]
[EventRounds "10"]
[EventCountry "BRA"]

1. e4 Nf6 2. e5 Nd5 3. c4 Nb6 4. d4 d6 5. f4 g6 6. Nc3 Bg7 7. Be3 O-O 8. c5
N6d7 9. Nf3 b6 10. cxd6 cxd6 11. Bc4 dxe5 12. dxe5 Nc5 13. Bxc5 Qxd1+ 14. Rxd1
bxc5 15. Ng5 Nc6 16. Bd5 Bb7 17. Nce4 Nd8 18. Nxc5 Bxd5 19. Rxd5 h6 20. Nge4
Re8 21. O-O Rb8 22. Nd7 1-0

[Event "IX Floripa Chess Open Fort Atacadista"]
[Site "Florianópolis - Santa Catari"]
[Date "2023.01.26"]
[Round "6.78"]
[White "Carvalho, Felipe Lobo C."]
[Black "Jodorcovsky, Alejandro David"]
[Result "0-1"]
[WhiteElo "2068"]
[BlackElo "1808"]
[PlyCount "56"]
[EventDate "2023.01.23"]
[EventRounds "10"]
[EventCountry "BRA"]

1. d4 f5 2. Bf4 Nf6 3. e3 e6 4. Nf3 b6 5. Nbd2 Bb7 6. Bc4 g6 7. h4 h6 8. Ne5
Rg8 9. Ndf3 d6 10. Nd3 Qe7 11. Qe2 Nbd7 12. O-O-O a6 13. Kb1 Bg7 14. a3 Rf8 15.
Nb4 b5 16. Ba2 a5 17. Nd3 Nb6 18. Bg3 Nbd5 19. Nf4 Kf7 20. Nd2 Rfb8 21. Nxd5
Bxd5 22. Bxd5 exd5 23. Qf3 Qd7 24. b3 Rc8 25. Bf4 c5 26. g4 fxg4 27. Qg2 cxd4
28. exd4 Qf5 0-1